[Event "San Francisco TNM Winter op"]
[Site "San Francisco"]
[Date "2014.02.18"]
[Round "7"]
[White "Weiss, Nicholas"]
[Black "Palmieri, Ralph"]
[Result "0-1"]
[WhiteElo "1418"]
[BlackElo "1716"]
[PlyCount "58"]
[EventDate "2014.01.07"]
[EventType "swiss"]
[EventRounds "8"]
[EventCountry "USA"]
[SourceTitle "EXT 2016"]
[Source "ChessBase"]
[SourceDate "2015.10.08"]
[SourceVersion "1"]
[SourceVersionDate "2015.10.08"]
[SourceQuality "1"]

1. e4 c5 2. Nc3 d6 3. f4 e6 4. Nf3 Nc6 5. Bb5 Bd7 6. Bxc6 bxc6 7. d3 Be7 8. 0-0 Rb8 9. b3 Nf6 10. Qe1 d5 11. Bb2 d4 12. Na4 0-0 13. c4 Qc7 14. e5 Ng4 15. Nxc5 Bxc5 16. Qh4 Nh6 17. Rae1 a5 18. Bxd4 Bxd4+ 19. Nxd4 Qb6 20. Re4 f5 21. exf6 Rxf6 22. Kh1 c5 23. Nf3 Nf5 24. Qh3 a4 25. Ne5 Be8 26. g4 Rh6 27. Qf3 Nd4 28. Qf2 axb3 29. axb3 Rd8 0-1

[Event "San Francisco TNM Spring op"]
[Site "San Francisco"]
[Date "2013.04.10"]
[Round "4"]
[White "Ma, Daniel"]
[Black "Palmieri, Ralph"]
[Result "0-1"]
[WhiteElo "958"]
[BlackElo "1715"]
[PlyCount "64"]
[EventDate "2013.03.19"]
[EventType "swiss"]
[EventRounds "8"]
[EventCountry "USA"]
[SourceTitle "EXT 2016"]
[Source "ChessBase"]
[SourceDate "2015.10.08"]
[SourceVersion "1"]
[SourceVersionDate "2015.10.08"]
[SourceQuality "1"]

1. e4 c5 2. Nf3 d6 3. Bc4 e6 4. Nc3 Be7 5. 0-0 Nc6 6. d3 Nf6 7. Bg5 a6 8. a4 Qc7 9. Re1 Ne5 10. Nxe5 dxe5 11. Qd2 0-0 12. h3 Bd7 13. Re3 Bc6 14. Rae1 Rad8 15. Qe2 Rd7 16. Rg3 Ne8 17. Bxe7 Rxe7 18. Qg4 Qd6 19. a5 Kh8 20. Bb3 f5 21. Qg5 Rf6 22. Qh5 Rh6 23. Qe2 Nf6 24. exf5 exf5 25. Na4 Nh5 26. Rg5 Nf4 27. Qd2 Qf6 28. Rg3 Nh5 29. Rg5 f4 30. Rxh5 Rxh5 31. Nb6 Qg6 32. Kh2 Qxg2# 0-1

[Event "San Francisco TNM Spring op"]
[Site "San Francisco"]
[Date "2013.03.26"]
[Round "2"]
[White "Byambaa, Uyanga"]
[Black "Palmieri, Ralph"]
[Result "1-0"]
[WhiteElo "2113"]
[BlackElo "1715"]
[PlyCount "63"]
[EventDate "2013.03.19"]
[EventType "swiss"]
[EventRounds "8"]
[EventCountry "USA"]
[SourceTitle "EXT 2016"]
[Source "ChessBase"]
[SourceDate "2015.10.08"]
[SourceVersion "1"]
[SourceVersionDate "2015.10.08"]
[SourceQuality "1"]

1. e4 e5 2. Nf3 Nc6 3. Bc4 Be7 4. d4 d6 5. d5 Nb8 6. Nc3 Nf6 7. h3 Nbd7 8. 0-0 a6 9. a4 0-0 10. Be3 Re8 11. Qd2 Nf8 12. Bd3 Ng6 13. Ne2 Bd7 14. b4 b5 15. axb5 axb5 16. Nc3 c6 17. Qe2 Nf4 18. Bxf4 exf4 19. dxc6 Bxc6 20. Bxb5 Qb6 21. Bxc6 Qxc6 22. Qd3 Rxa1 23. Rxa1 Rc8 24. Ra3 h6 25. Nd4 Qb6 26. b5 d5 27. Ra6 Qb7 28. e5 Nd7 29. Nc6 Nc5 30. Qf5 Rxc6 31. Rxc6 Ne6 32. Nxd5 1-0

[Event "San Francisco TNM Winter op"]
[Site "San Francisco"]
[Date "2013.02.05"]
[Round "5"]
[White "McCarty Snead, Callaghan"]
[Black "Palmieri, Ralph"]
[Result "0-1"]
[WhiteElo "1411"]
[BlackElo "1715"]
[PlyCount "60"]
[EventDate "2013.01.08"]
[EventType "swiss"]
[EventRounds "8"]
[EventCountry "USA"]
[SourceTitle "EXT 2016"]
[Source "ChessBase"]
[SourceDate "2015.10.08"]
[SourceVersion "1"]
[SourceVersionDate "2015.10.08"]
[SourceQuality "1"]

1. d4 d5 2. c4 Nf6 3. Nc3 c6 4. Bf4 e6 5. e3 Bb4 6. Bd3 Nbd7 7. Nge2 0-0 8. 0-0 Re8 9. a3 Bf8 10. Qc2 e5 11. dxe5 Nxe5 12. Bxe5 Rxe5 13. Nd4 g6 14. Rad1 Qe7 15. Rfe1 Bd7 16. Nf3 Rh5 17. cxd5 cxd5 18. e4 Bg4 19. exd5 Qc5 20. b4 Qd6 21. Be2 Bxf3 22. Bxf3 Qxh2+ 23. Kf1 Qh1+ 24. Ke2 Re5+ 25. Kd2 Bh6+ 26. Kd3 Rxe1 27. Rxe1 Qxe1 28. Kc4 Rc8+ 29. Kb3 Bd2 30. Qd1 Bxc3 0-1

[Event "San Francisco TNM Winter op"]
[Site "San Francisco"]
[Date "2013.01.29"]
[Round "4"]
[White "Palmieri, Ralph"]
[Black "Jones, James"]
[Result "0-1"]
[WhiteElo "1715"]
[BlackElo "2007"]
[PlyCount "74"]
[EventDate "2013.01.08"]
[EventType "swiss"]
[EventRounds "8"]
[EventCountry "USA"]
[SourceTitle "EXT 2016"]
[Source "ChessBase"]
[SourceDate "2015.10.08"]
[SourceVersion "1"]
[SourceVersionDate "2015.10.08"]
[SourceQuality "1"]

1. d4 Nf6 2. Nf3 b6 3. e3 Bb7 4. Be2 e6 5. 0-0 Be7 6. Nbd2 0-0 7. b3 d6 8. Bb2 Nbd7 9. Rc1 c5 10. c3 Rc8 11. Bd3 e5 12. dxe5 Nxe5 13. Nxe5 dxe5 14. Qc2 Qd5 15. e4 Qd7 16. Be2 Rfd8 17. Rcd1 Qc6 18. Bf3 Rd7 19. Rfe1 Rcd8 20. Re2 c4 21. Rde1 Ba6 22. b4 Bb5 23. h3 Ba4 24. Qc1 Rd3 25. Nf1 Bd1 26. Re3 Bxf3 27. gxf3 Nh5 28. Rxd3 Rxd3 29. Nh2 Nf4 30. Kh1 Nxh3 31. Qc2 Bh4 32. Rf1 Qd6 33. Bc1 Nxf2+ 34. Rxf2 Bxf2 35. Qxf2 Rd1+ 36. Kg2 Rxc1 37. Qe3 Rc2+ 0-1